Indian Prime Minsters - Statistics

General Stats
  • This quiz has been taken 538 times
  • The average score is 11 of 16
Answer Stats
Term Prime Minister % Correct
1966 - 1977 Indira Gandhi
98%
1980 - 1984 Indira Gandhi
98%
1947 - 1964 Jawaharlal Nehru
97%
2014 - Present Narendra Modi
97%
1984 - 1989 Rajiv Gandhi
96%
2004 - 2014 Manmohan Singh
90%
1996 Atal Bihari Vajpayee
75%
1998 - 2004 Atal Bihari Vajpayee
75%
1979 - 1980 Charan Singh
71%
1989 - 1990 Vishwanath Pratap Singh
69%
1964 - 1966 Lal Bahadur Shastri
65%
1991 - 1996 P. V. Narasimha Rao
55%
1977 - 1979 Morarji Desai
51%
1996 - 1997 H. D. Deve Gowda
39%
1997 - 1998 Inder Kumar Gujral
34%
1990 - 1991 Chandra Shekhar
26%
No matching quizzes found
Score Distribution
Percent of People with Each Score
Percentile by Number Answered
Your Score History
You have not taken this quiz